00333 a2200121 450000100060000010000190000624500170002526000260004209000170006894200230008599900190010895200840012745160 aParkinson L.R aAerodynamics aNew YorkbMacmillanc c28360d28360 aNUST-CAEcMc20403 c280233d280233 001040708NFICaCAEbCAEd2017-04-03l0pCAE39147r2017-04-05w2017-04-05yBK